GBD advanced course in computer sciece / (Record no. 136165)

MARC details
000 -LEADER
fixed length control field 00528nam a22001937a 4500
010 ## - LIBRARY OF CONGRESS CONTROL NUMBER
LC control number B-228900
020 ## - INTERNATIONAL STANDARD BOOK NUMBER
International Standard Book Number 8188951080
035 ## - SYSTEM CONTROL NUMBER
System control number B-228900
037 ## - SOURCE OF ACQUISITION
Stock number Cen Lib/Ret
040 ## - CATALOGING SOURCE
Original cataloging agency DPL
Language of cataloging EN
082 ## - DEWEY DECIMAL CLASSIFICATION NUMBER
Classification number 004
Item number GBD
245 ## - TITLE STATEMENT
Title GBD advanced course in computer sciece /
260 ## - PUBLICATION, DISTRIBUTION, ETC. (IMPRINT)
Place of publication, distribution, etc New Delhi
Name of publisher, distributor, etc GBD Books
Date of publication, distribution, etc 2005
270 ## - ADDRESS
Address 1, Ansari Road, Daryaganj
City New Delhi
Postal code 110006
300 ## - PHYSICAL DESCRIPTION
Extent various pages
Other physical details 24cm
650 ## - SUBJECT ADDED ENTRY--TOPICAL TERM
Topical term or geographic name as entry element Programming in C++
9 (RLIN) 112617
650 ## - SUBJECT ADDED ENTRY--TOPICAL TERM
Topical term or geographic name as entry element Java - programming
9 (RLIN) 112618
942 ## - ADDED ENTRY ELEMENTS (KOHA)
Source of classification or shelving scheme Dewey Decimal Classification
Koha item type English Books
Call number prefix 004
Call number suffix GBD
Holdings
Withdrawn status Lost status Damaged status Not for loan Home library Current library Date acquired Source of acquisition Total Checkouts Full call number Barcode Date last seen Copy number Price effective from Koha item type
        Central Library Central Library 22/12/2015 Cen Lib/Ret   004 GBD B-228900 22/12/2015 1 22/12/2015 English Books

© Delhi Public Library
Hit Counter
free hit counter